[Event "Olympiad Women 2024"]
[Site "Budapest HUN"]
[Date "2024.09.14"]
[Round "4.44"]
[Board "4"]
[White "Liang, Liyun"]
[Black "Sibajeva, Marija"]
[Result "0-1"]
[WhiteElo "1463"]
[BlackElo "2007"]
[PlyCount "66"]
[EventDate "2024.09.11"]
[WhiteTeam "Hong Kong, China"]
[BlackTeam "Lithuania"]
[BlackTeamCountry "LTU"]

1. e4 c5 2. Nf3 e6 3. d4 cxd4 4. Nxd4 a6 5. c4 Nf6 6. Nc3 Bb4 7. a3 ({RR} 7. Qd3 d5 8. exd5 exd5 9. Be2 O-O 10. O-O Nc6 11. Nxc6 bxc6 12. Bg5 Bxc3 13. bxc3 Be6 14. Rfd1 h6 15. Bh4 dxc4 16. Qg3 Qb8 17. Bxf6 Qxg3 18. hxg3 gxf6 19. Rd4 Rfd8 20. Rf4 {½-½ Anand,V (2786)-Svidler,P (2735) Amber-blindfold 14th rapid 2005 (10)}) ({RR} 7. Qd3 Qc7 8. f3 Nc6 9. a3 Ne5 10. Qc2 Bc5 11. Be3 Nxc4 12. Bxc4 Bxd4 13. Bxd4 Qxc4 14. Qd2 O-O 15. Rc1 Qb3 16. Ne2 d6 17. Rc3 Qb5 18. Bxf6 gxf6 19. Qxd6 Bd7 20. f4 Rac8 21. Rg3+ Kh8 {1-0 Simai,M (2105)-Eltigani,O (2276) HUN-chT 0910 2009 (7)}) 7... Bxc3+ 8. bxc3 Qa5 9. Bd2 $146 ({RR} 9. Qf3 Nxe4 10. Nb3 Qa4 11. Qxe4 Qxb3 12. Rb1 Qxc3+ 13. Bd2 Qf6 14. Rxb7 Nc6 15. Rb3 Qa1+ 16. Rb1 Qxa3 17. Bd3 f5 18. Qe3 O-O 19. O-O a5 20. Ra1 Qe7 21. Ra4 e5 22. Rfa1 e4 23. Bc2 Bb7 {0-1 Hosking,I-Farrell,R AUS-chT II Australia 1995 (2)}) ({RR} 9. Bb2 d6 10. Bd3 Nbd7 11. Bc2 Qc7 12. Qe2 Nb6 13. Bb3 Bd7 14. f4 Ba4 15. Ba2 Rc8 16. O-O Nxc4 17. Bc1 O-O 18. Rb1 b5 19. Kh1 d5 20. e5 Ne4 21. Rf3 Qe7 22. Bxc4 Rxc4 23. Bb2 Rfc8 {0-1 Dewenter,U (2245)-Miles,A (2595) VISA GP Reykjavik 1998 (3)}) 9... Nxe4 10. Qc2 Nxd2 11. Qxd2 O-O 12. Bd3 Nc6 13. Nf3 Ne5 14. Be2 Nxf3+ 15. gxf3 d5 16. Rg1 dxc4 17. Rd1 Qe5 18. Rg5 Qf6 19. Bxc4 Bd7 20. Ke2 Bc6 21. Qe3 Bxf3+ 22. Qxf3 Qxg5 23. Bd3 Rad8 24. h4 Qf6 25. Qe4 g6 26. Rg1 Qxc3 27. h5 Rd4 28. Qf3 Rfd8 29. hxg6 Qxd3+ 30. Qxd3 Rxd3 31. gxh7+ Kxh7 32. Rb1 b5 33. Rb4 Rxa3 0-1

[Event "Olympiad Women 2024"]
[Site "Budapest HUN"]
[Date "2024.09.14"]
[Round "4.45"]
[Board "1"]
[White "Nahed Galab"]
[Black "Kanyamarala, Trisha"]
[Result "0-1"]
[WhiteElo "1693"]
[BlackElo "2179"]
[PlyCount "146"]
[EventDate "2024.09.11"]
[WhiteTeam "Sudan"]
[BlackTeam "Ireland"]
[WhiteTeamCountry "SUD"]
[BlackTeamCountry "IRL"]

1. Nf3 {Krasenkow,Michal} d5 2. d4 Nf6 3. c4 e6 4. Nc3 Bb4 5. g3 O-O 6. Bg2 dxc4 7. O-O Nc6 8. Bg5 h6 9. Bxf6 Qxf6 10. Rc1 ({RR} 10. e3 Rd8 ({RR} 10... Bd7 11. Ne5 ({RR} 11. Qe2 Na5 12. Ne5 Qe7 13. Ne4 Rac8 14. Nxd7 Qxd7 15. Rfd1 b5) 11... Nxe5 12. dxe5 Qe7 13. Bxb7 Rab8 14. Bg2 Rfd8 15. Qd4 Bc5 16. Qxc4 Rxb2 17. Rab1 Rdb8 18. Rxb2 Rxb2 19. Rd1 Be8 20. Na4 Rb5) ({RR} 10... Rb8 11. Nd2 ({RR} 11. Qc2 b5 12. a4 a6 13. axb5 axb5 14. Nd2 Na5 15. Ra2 Bb7) 11... Na5 ({RR} 11... e5 12. Nd5 Qd8 13. Nxc4 exd4 14. exd4 Be6 15. Nce3 Bxd5 16. Nxd5 Bd6 17. Rc1 Ne7 18. Ne3 c6) ({RR} 11... Bxc3 12. bxc3 Na5 13. f4 Bd7 14. g4 Qe7 15. g5 hxg5 16. Qh5 g6 17. Qh6 g4 18. h3 gxh3 19. Rf3 Qf6 20. Rxh3 Qg7 21. Qg5) 12. Qc2 ({RR} 12. Qa4 Qe7 13. a3 Bxc3 14. bxc3 b6 15. Rfd1 c5) ({RR} 12. Qh5 Qg5 13. Qxg5 hxg5 14. Rfc1 b5) 12... Qd8 ({RR} 12... Qe7 13. a3 Bd6 ({RR} 13... Bxc3 14. Qxc3 b6 15. Nxc4 Nxc4 16. Qxc4 c5 17. Rac1 cxd4 18. Qxd4 Bb7 19. Bxb7 Qxb7 20. Rfd1 Rbc8 21. h4) 14. Nce4 b6 ({RR} 14... b5 15. a4 Bd7 16. axb5 Rxb5 17. Nc3 Nb3 18. Nxb5 Nxa1 19. Qxc4 Bxb5 20. Qxb5 Nc2 21. Nc4) ({RR} 14... e5 15. Nxc4 Nxc4 16. Qxc4 c6 17. d5 cxd5 18. Qxd5 Rd8 19. Rfd1 Bc7 20. Qc4 Be6 21. Qc5) 15. Nxc4 Nxc4 16. Qxc4 Bb7 17. Qa4 Bxe4 18. Bxe4 c5 19. dxc5 Bxc5 20. b4 Bd6 21. Rfd1 Rbd8 22. Ra2 Bb8) ({RR} 12... b5 13. a3 Be7 14. a4 b4 15. Nce4 Qf5 16. Nxc4 b3 17. Qc1 Bb7) ({RR} 12... Qf5 13. Be4 Qh5 14. Bf3 Qf5 15. Be4 Qh5 16. a3 Bxc3 ({RR} 16... Bd6) 17. Qxc3 Qb5 18. Rfc1 Bd7 19. a4 Qa6 20. Nxc4) 13. a3 Be7 14. Ne2 b5 15. a4 c6 16. b3 Bb4 17. bxc4 Bxd2 18. Qxd2 Nb3 19. Qb2 Nxa1 20. Rxa1 Qc7 21. c5 b4 22. Nf4 e5) 11. Qa4 ({RR} 11. Ne4 Qf5 ({RR} 11... Qe7 12. a3 Bd6 13. Nfd2 e5 14. Nxc4 exd4 15. exd4 Bf5 16. Nc3 Qf6)) ({RR} 11. a3 Bxc3 12. bxc3 e5 13. Nd2 Be6 14. Rb1 Rab8 15. Ne4 Qf5 16. Nc5 exd4 17. exd4 Bd5 18. Rxb7 Bxg2 19. Kxg2 Rxb7 20. Nxb7 Rb8 21. Nc5 Rb2 22. Qa4 Qd5+ 23. Kg1 Kh7) ({RR} 11. Qe2 e5 12. Qxc4 exd4 13. Nd5 Qd6 14. Nxd4 ({RR} 14. Nxb4 Be6 15. Qb5 Qxb4 16. Qxb4 Nxb4 17. Nxd4 Bd5) 14... Nxd4 15. Qxd4 Bc5 16. Qh4 c6 17. b4 Bb6 18. Ne7+ Kf8 19. Nxc8 Raxc8) ({RR} 11. Nd2 e5 12. Nxc4 ({RR} 12. d5 Na5) ({RR} 12. a3 Bf8 13. Nd5 Qg6) ({RR} 12. Nd5 Rxd5 13. Bxd5 Bh3 ({RR} 13... Bxd2 14. dxe5 Nxe5 15. Qxd2 Be6 ({RR} 15... Bh3 16. f4)) 14. dxe5 ({RR} 14. Bg2 Bxg2 15. Kxg2 Bxd2 16. Qxd2 exd4 17. exd4 Nxd4) 14... Nxe5 15. Nxc4 ({RR} 15. f4 Ng4 16. Nxc4 Rd8) 15... Nxc4 16. Bxc4 Bxf1) 12... exd4 13. Nd5 Rxd5 14. Bxd5 Bh3 15. Bg2 Bxg2 16. Kxg2 b5 17. a3 ({RR} 17. Nd2 dxe3 18. Nf3 Re8) 17... Be7 18. Nd2 dxe3 19. fxe3 Qe6 20. Nf3 Bf6) 11... a6 ({RR} 11... Bd7 12. Qc2 Bd6 13. Rfd1 Rac8 ({RR} 13... Rab8) 14. Qe2 e5 15. Qxc4 exd4 16. Nxd4 Nxd4 17. Rxd4 Be5 18. Rxd7 Rxd7 19. Bh3 Rcd8 20. Bxd7 Rxd7) 12. Nd2 Bd7 13. Qc2 ({RR} 13. Bxc6 Bxc3 14. Ne4 Qf5 15. Bxd7 Bxb2 16. Rab1 Qxe4 17. Rxb2 b5 ({RR} 17... c3 18. Rb3) 18. Bxb5 axb5 19. Qxb5 c3 20. Rb3 c2 21. Rc3 Rxa2 22. Qc4) 13... Na5 ({RR} 13... b5 14. b3 cxb3 15. axb3) 14. Rfd1 Qe7 15. a3 Bd6 16. Nce4 Bc6 17. Nxc4 Nxc4 18. Qxc4 Bd5 19. Qc2 Bxe4 20. Qxe4 c6 21. h4 h5 22. b4 a5 23. Rab1 g6 24. Rd3 Rd7 {½-½ Karjakin,S (2775)-Leko,P (2732) Tashkent FIDE GP 2nd 2012 (5)}) ({RR} 10. Ne4 Qf5 11. Qc2 ({RR} 11. Nh4 Qb5) 11... Rd8 12. Rfd1 Be7 13. e3 ({RR} 13. Rac1 Rb8 14. Qxc4 Qxe4 15. Ne5 Nxe5 16. Qxc7 Qxe2 17. Qxe7 Rd7 18. Qe8+ Kh7 19. Re1 Nf3+ 20. Bxf3 Qxf3) 13... Nb4 ({RR} 13... b5 14. a4 Bb7) 14. Qb1 Nd3 15. Ned2 ({RR} 15. Nfd2) 15... e5 16. Nxc4 e4) 10... Rd8 11. e3 Rb8 ({RR} 11... Bxc3 12. Rxc3 e5 13. Nxe5 Nxe5 14. dxe5 Rxd1 15. exf6 Rxf1+ 16. Kxf1 Be6 17. Bxb7 Rb8 18. Ba6 Rxb2 19. Bxc4 Bh3+ 20. Ke1 gxf6 21. Bb3 Rb1+ 22. Ke2 Be6 23. Rxc7 Bxb3 24. axb3 Rxb3 25. Rxa7 Rb2+ 26. Kf3 {½-½ Perdomo,L (2447)-Lima,D (2507) Montevideo Duchamp Cup 5th 2022 (5)}) 12. Nd2 $146 ({RR} 12. Ne4 Qf5 13. Ned2 Na5 14. Nxc4 Nxc4 15. Rxc4 Bd6 16. Qc2 Qa5 17. a3 Bd7 18. Rc1 Bb5 19. Rc3 Ba4 20. b3 Bc6 21. b4 Qh5 22. e4 a5 23. Qb1 axb4 24. axb4 Qb5 25. Rb3 Qa4 26. Ne1 Bf8 {½-½ Moiseenko,A (2350)-Belikov,V (2510) RUS-Cup2 Moscow 1996 (4)}) 12... Na5 13. Qa4 Qe7 14. a3 Bxc3 15. Rxc3 b6 16. Nxc4 Bd7 17. Qc2 Nxc4 18. Rxc4 c5 19. Rc1 Bb5 20. Rc3 cxd4 21. exd4 Rxd4 22. Rc7 Rd7 23. Rxd7 Qxd7 24. Be4 Rd8 25. h4 Qd4 26. Bg2 Qe5 27. Bf1 Bxf1 28. Rxf1 Qd4 29. Qb3 Qd5 30. Qa4 Qd7 31. Qf4 Qd2 32. Qe5 Qd4 33. Qb5 Kh7 34. Rc1 Rd5 35. Qb3 Rd7 36. Re1 Qd2 37. Rf1 Rd5 38. Qf3 Kg8 39. Qb3 Qe2 40. Qc3 Rc5 41. Qb4 Rb5 42. Qe7 Rf5 43. Qxa7 Qxb2 44. Qa8+ Kh7 45. Qe4 Qxa3 46. Re1 Qb2 47. Re2 Qc1+ 48. Kg2 g6 49. Qd4 Qc6+ 50. Kg1 Rd5 51. Qa1 Rc5 52. Re1 b5 53. Qf6 Rf5 54. Qb2 Qd5 55. Rc1 Qe5 56. Qb4 Qe2 57. Rf1 h5 58. Kg2 Qc4 59. Qb2 Qe4+ 60. Kg1 Qe5 61. Qb4 Qe2 62. Kg2 e5 63. Qe7 e4 64. Kg1 e3 65. Qxe3 Qxe3 66. fxe3 Rxf1+ 67. Kxf1 Kg7 68. Ke2 Kf6 69. Kd3 Ke5 70. Kc3 Ke4 71. Kb4 Kxe3 72. Kxb5 Kf3 73. Kc6 Kxg3 0-1

[Event "Olympiad Women 2024"]
[Site "Budapest HUN"]
[Date "2024.09.14"]
[Round "4.45"]
[Board "2"]
[White "O'Gorman, Alice"]
[Black "Ibtihal Osman"]
[Result "0-1"]
[WhiteElo "1996"]
[BlackElo "1626"]
[PlyCount "102"]
[EventDate "2024.09.11"]
[WhiteTeam "Ireland"]
[BlackTeam "Sudan"]
[WhiteTeamCountry "IRL"]
[BlackTeamCountry "SUD"]

1. c4 c5 2. Nc3 Nc6 3. g3 g6 4. Bg2 Bg7 5. e4 a6 6. Nge2 e6 7. d3 Nge7 8. O-O O-O 9. Be3 Nd4 10. Rb1 Nec6 11. a3 a5 ({RR} 11... Rb8 12. b4 d6 13. bxc5 dxc5 14. f4 Nxe2+ 15. Nxe2 b6 16. e5 Qc7 17. Kh1 f6 18. exf6 Bxf6 19. g4 Bd7 20. Be4 Ne7 21. Ng3 b5 22. Qd2 Bg7 23. Qf2 Rbc8 24. Rfc1 g5 25. f5 exf5 26. gxf5 {1-0 Kosyrev,V (2523)-Rustemov,A (2552) Moscow-ch final 2008 (2)}) ({RR} 11... d6 12. b4 Rb8 13. Qd2 Bd7 14. Bf4 e5 15. Be3 b5 16. cxb5 axb5 17. Nd5 Ra8 18. bxc5 dxc5 19. Nec3 Rb8 20. Rfc1 Qa5 21. Qb2 b4 22. axb4 Nxb4 23. Ne7+ Kh8 24. Qd2 Qd8 25. Bxd4 cxd4 26. Ncd5 {½-½ Honey,L (1939)-Birkisson,B (2140) Reykjavik Open 2024 (3.112)}) 12. b3 b6 $146 ({RR} 12... Qe7 13. Bxd4 Nxd4 14. Nxd4 Bxd4 15. Ne2 Bg7 16. f4 d6 17. a4 Rd8 18. Kh1 Bd7 19. g4 Bc6 20. Qc2 Qh4 21. h3 f5 22. g5 d5 23. Ng1 {½-½ Nastro,F (1934)-Ghersinich,E (1652) Topusko op 3rd 2014 (3)}) 13. h3 e5 14. f4 exf4 15. Bxf4 d6 16. Qd2 Re8 17. Nd5 Be6 18. Nec3 Rf8 19. Bh6 Ne5 20. Bxg7 Kxg7 21. Kh2 Rb8 22. b4 axb4 23. axb4 f5 24. Nf4 Bd7 25. Nce2 Nxe2 26. Qxe2 Qe7 27. Nd5 Qg5 28. b5 fxe4 29. dxe4 Rxf1 30. Rxf1 Be6 31. Ra1 Rb7 32. Ra8 Bxd5 33. exd5 Qc1 34. Ra4 Rf7 35. h4 h5 36. Bh1 Ng4+ 37. Kg2 Rf2+ 38. Qxf2 Nxf2 39. Kxf2 Qxh1 40. Ra6 Qh2+ 41. Kf3 Qh1+ 42. Kf2 Qe4 43. Rxb6 Qxc4 44. Rb7+ Kf6 45. b6 Qxd5 46. Rb8 Qc6 47. b7 Ke6 48. Ke3 d5 49. Kd3 Ke5 50. Ke3 d4+ 51. Kd2 c4 0-1

[Event "Olympiad Women 2024"]
[Site "Budapest HUN"]
[Date "2024.09.14"]
[Round "4.45"]
[Board "3"]
[White "Sabreen Oraby"]
[Black "Gora, Antonina"]
[Result "0-1"]
[WhiteElo "1812"]
[BlackElo "1943"]
[PlyCount "104"]
[EventDate "2024.09.11"]
[WhiteTeam "Sudan"]
[BlackTeam "Ireland"]
[WhiteTeamCountry "SUD"]
[BlackTeamCountry "IRL"]

1. c4 e5 2. g3 Nf6 3. Bg2 d5 4. cxd5 Nxd5 5. Nc3 Nb6 6. Nf3 Nc6 7. d3 Be7 8. O-O O-O 9. a4 a5 10. Be3 Be6 11. Rc1 f5 ({RR} 11... Nd5 12. Nxd5 Bxd5 13. Nd2 Bxg2 14. Kxg2 Nd4 15. Bxd4 exd4 16. Qc2 Bb4 17. Ne4 c6 18. Qc4 Re8 19. f4 Qd5 20. f5 Rxe4 21. dxe4 Qxe4+ 22. Rf3 Bd2 23. Rd1 Be3 24. Rd3 Re8 25. b4 axb4 26. Qxb4 {½-½ Markowski,T (2560)-Navara,D (2647) EU-ch 6th Warsaw 2005 (5)}) 12. Nb5 Bf6 ({RR} 12... f4 13. Bc5 Bd5 14. e4 fxe3 15. fxe3 Rf7 16. e4 Be6 17. d4 exd4 18. Nfxd4 Rxf1+ 19. Bxf1 Nxd4 20. Nxd4 Bxc5 21. Rxc5 Qd6 22. Rc1 Rf8 23. Nxe6 Qxe6 24. Rxc7 Qxe4 25. Bg2 Qe3+ 26. Kh1 Nxa4 27. b3 {1-0 Bodicky,M (2212)-Schulz,M (2175) Titled Tue 5th Mar Early 2024 (9)}) 13. Bc5 Re8 $146 ({RR} 13... Rf7 14. Nd2 Nd5 15. Ba3 Rb8 16. Nb3 Bg5 17. Nc5 Bc8 18. Qb3 Nce7 19. Rcd1 c6 20. Nc3 b6 21. e4 Nxc3 22. bxc3 Qc7 23. Rb1 f4 24. Ne6 Bxe6 25. Qxe6 Nc8 26. Qe8+ {1-0 Gonzalez Espana,M (1917)-Jameson,D (2068) Gibraltar Masters 13th 2015 (4)}) ({RR} 13... Rf7 14. Nd2 Rd7 15. Bxb6 cxb6 16. Rxc6 bxc6 17. Bxc6 e4 18. Bxa8 Qxa8 19. Qc2 exd3 20. exd3 Qd8 21. Re1 Bd5 22. Nc4 Bb7 23. Ne5 Bxe5 24. Rxe5 h6 25. d4 Be4 26. Qb3+ Kh7 27. f3 Rxd4 28. fxe4 {½-½ Bordoni,N-Villarreal,H (2290) Mar del Plata op 1993 (2)}) 14. Ba3 Nd5 15. Nd2 Rc8 16. Nb3 Ra8 17. Nc5 Nd4 18. Nxd4 exd4 19. Nxe6 Rxe6 20. Qb3 c6 21. Qxb7 Rb8 22. Qa6 Rxe2 23. Rxc6 Nb4 24. Qc4+ Kh8 25. Rc5 Rc2 26. Rd5 Rxc4 27. Rxd8+ Rxd8 28. dxc4 d3 29. Bxb4 axb4 30. b3 d2 31. Bd5 Re8 32. Bf3 Re1 33. c5 Bd4 34. c6 Bb6 35. Kg2 g5 36. h3 Kg7 37. Bd1 Kf6 38. Rh1 Ke5 39. g4 f4 40. Bf3 Kd4 41. h4 Rxh1 42. Kxh1 gxh4 43. Kg1 Kc3 44. Bd1 Kb2 45. Kg2 Kc1 46. Be2 d1=Q 47. Bxd1 Kxd1 48. Kh3 Ke2 49. g5 Kxf2 50. Kxh4 f3 51. Kh5 Ke3 52. Kh6 Kf4 0-1

[Event "Olympiad Women 2024"]
[Site "Budapest HUN"]
[Date "2024.09.14"]
[Round "4.45"]
[Board "4"]
[White "Putar, Lara"]
[Black "Elizabeth  Tanyous"]
[Result "1-0"]
[WhiteElo "1911"]
[BlackElo "1530"]
[PlyCount "53"]
[EventDate "2024.09.11"]
[WhiteTeam "Ireland"]
[BlackTeam "Sudan"]
[WhiteTeamCountry "IRL"]
[BlackTeamCountry "SUD"]

1. d4 d5 2. c4 c6 3. Nf3 Bg4 4. Ne5 Nf6 5. Nxg4 Nxg4 6. e4 Nf6 7. e5 Nfd7 8. Nc3 e6 9. b3 $146 ({RR} 9. a3 dxc4 10. Bxc4 Nb6 11. Ba2 Be7 12. Qg4 g6 13. Bh6 Nd5 14. O-O Nxc3 15. bxc3 Nd7 16. Qh3 Bf8 17. Rab1 Rb8 18. f4 Bxh6 19. Qxh6 Qe7 20. a4 Nb6 21. a5 Nd5 22. Rf3 Qf8 23. Qh3 Qa3 {1-0 Dzwierzynski,B (2037)-Korys,D (1340) Subcarpathian-chT 2021 (1.19)}) ({RR} 9. Be3 b6 10. Bd3 f6 11. Qh5+ Ke7 12. f4 f5 13. cxd5 cxd5 14. Bxf5 exf5 15. Qxf5 g6 16. Nxd5+ Ke8 17. Qe6+ Be7 18. f5 Nf8 19. Nf6# {1-0 Sisatto,O-Viitaniemi,O FIN-ch U18 Finland 1998 (4)}) 9... Be7 10. Qg4 Bf8 11. Bg5 Qc7 12. Rc1 h6 13. Be3 Na6 14. cxd5 cxd5 15. Bxa6 bxa6 16. O-O Qd8 17. Na4 g6 18. Rc6 Qe7 19. Rfc1 Rd8 20. Rxa6 Bg7 21. Rxa7 h5 22. Qe2 f5 23. Qd2 Qf8 24. Rcc7 h4 25. Bg5 Bh6 26. Bxh6 Rxh6 27. Nc5 1-0

[Event "Olympiad Women 2024"]
[Site "Budapest HUN"]
[Date "2024.09.14"]
[Round "4.46"]
[Board "1"]
[White "Caxita, Esperanca"]
[Black "Haile, Lidet"]
[Result "1-0"]
[WhiteElo "1932"]
[BlackElo "1834"]
[PlyCount "76"]
[EventDate "2024.09.11"]
[WhiteTeam "Angola"]
[BlackTeam "Ethiopia"]
[WhiteTeamCountry "ANG"]
[BlackTeamCountry "ETH"]

1. e4 e5 2. Nf3 Nc6 3. Bc4 Bc5 4. c3 d6 5. O-O h6 6. d4 exd4 7. cxd4 Bb6 8. h3 Nge7 ({RR} 8... Nf6 9. Nc3 O-O 10. d5 Ne5 11. Nxe5 dxe5 12. Qf3 c6 13. dxc6 bxc6 14. Rd1 Qe7 15. Be3 Be6 16. Bxe6 Qxe6 17. b3 Rfd8 18. Na4 Bd4 19. Rac1 Rac8 20. Bxd4 exd4 21. Nc5 Qe5 22. Re1 Nd7 23. Nd3 {1-0 Alekseev,E (2550)-Hernandez Amura,G (2198) Titled Tue 9th Jul Early 2024 (3)}) 9. Nc3 O-O 10. a3 $146 ({RR} 10. Be3 Ng6 11. Qd2 Kh7 12. a3 f5 13. exf5 Bxf5 14. b4 Qd7 15. Nh2 Rae8 16. g4 Be4 17. Nxe4 Rxe4 18. Bd3 Re7 19. b5 Na5 20. h4 {1-0 Bonnerjee,M-Cochrane,J Calcutta 1855}) ({RR} 10. a4 a6 11. Re1 Ng6 12. Be3 Nh4 13. Nxh4 Qxh4 14. Qd2 Ba5 15. Rad1 Bd7 16. f4 Rad8 17. Bf2 Qf6 18. Qe3 Rfe8 19. Nd5 Qg6 20. Re2 Nb4 21. Nxb4 Bxb4 22. b3 Bc6 23. Bd3 f5 24. Bh4 Rc8 {1-0 Ljikar,T (1877)-Mainenti,K (1798) Topusko op 3rd 2014 (7)}) 10... a6 11. Be3 Kh7 12. Bd3 f5 13. exf5 Bxf5 14. Nh4 Bxd3 15. Qxd3+ Kh8 16. Ne2 Qe8 17. Ng3 Qf7 18. Rad1 Rae8 19. Qe4 Kg8 20. Qg4 Kh7 21. Rd3 Nd5 22. Bd2 Qe6 23. Ngf5 g6 24. Nxh6 Qxg4 25. Nxg4 Nxd4 26. Bh6 Rf7 27. Rfd1 Re4 28. Bg5 Kg7 29. Nf3 Ne2+ 30. Kf1 c6 31. Bh6+ Kg8 32. Ng5 Rxg4 33. Nxf7 Re4 34. Nxd6 Re6 35. Nc4 Ba7 36. g3 b5 37. Na5 Bb6 38. Nxc6 Rxc6 1-0

[Event "Olympiad Women 2024"]
[Site "Budapest HUN"]
[Date "2024.09.14"]
[Round "4.46"]
[Board "2"]
[White "Bantiwalu, Aster"]
[Black "Junior, Ednasia"]
[Result "0-1"]
[WhiteElo "1704"]
[BlackElo "1888"]
[PlyCount "112"]
[EventDate "2024.09.11"]
[WhiteTeam "Ethiopia"]
[BlackTeam "Angola"]
[WhiteTeamCountry "ETH"]
[BlackTeamCountry "ANG"]

1. e4 c5 2. Nc3 e6 3. Nf3 a6 4. Be2 Qc7 5. O-O Nc6 6. d4 cxd4 7. Nxd4 Nf6 8. Be3 Be7 9. f4 d6 10. a3 O-O 11. f5 ({RR} 11. a4 Bd7 12. Nb3 b6 13. g4 Bc8 14. g5 Nd7 15. Bf3 Bb7 16. Bg2 Rfe8 17. Qh5 Bf8 18. Rf3 g6 19. Qh4 Bg7 20. Rh3 h5 21. gxh6 Bf6 22. h7+ Kh8 23. Qf2 Rac8 24. Rd1 Red8 25. Qd2 Nc5 {1-0 Popov,I (2476)-Khairullin,I (2507) RUS-ch U20 Nojabrsk 2005 (7)}) 11... Bd7 ({RR} 11... Nxd4 12. Qxd4 b5 13. Rad1 Bb7 14. Bf3 Rac8 15. g4 h6 16. Qd2 Rfd8 17. Qg2 Nd7 18. g5 Bxg5 19. Bxg5 hxg5 20. Qxg5 Qc5+ 21. Kh1 Qe5 22. Qg2 Rc7 23. Rg1 Nb6 24. Rde1 Rdc8 25. Re2 Rxc3 26. bxc3 {0-1 Hakobyan,E (2028)-Torosyan,N (2374) ARM-ch 1st League 82nd 2021 (8)}) 12. Bg4 Ne5 $146 ({RR} 12... Nxd4 13. Bxd4 e5 14. Be3 Bc6 15. Bf3 b5 16. g4 h6 17. h4 Nh7 18. Bf2 Rfc8 19. Rc1 Qd8 20. Qe1 a5 21. Nd5 Bxd5 22. exd5 b4 23. a4 Rc4 24. b3 Rc3 25. Be2 Rac8 26. Bc4 R8xc4 27. bxc4 {0-1 Fernandez Rey,J (1866)-Rodriguez Lopez,R (2292) Cambados op 23rd 2007 (1)}) 13. Bh3 Nc4 14. Bc1 e5 15. Nde2 Bc6 16. Qd3 b5 17. Ng3 Rac8 18. Qf3 Qb7 19. b3 Nb6 20. Bg5 Nbd7 21. Rac1 Rfe8 22. Rfe1 d5 23. Bxf6 Nxf6 24. exd5 Nxd5 25. f6 Nxf6 26. Qe2 Bd7 27. Bxd7 Qxd7 28. Nce4 Nxe4 29. Nxe4 Bxa3 30. Ra1 Bb4 31. Rec1 a5 32. c3 Bxc3 33. Rab1 Bd4+ 34. Kh1 Rxc1+ 35. Rxc1 Rc8 36. Rd1 h6 37. h3 Qd5 38. Qg4 Rc6 39. Rf1 Rg6 40. Qf3 Qe6 41. Ng3 Kh7 42. Ne4 a4 43. bxa4 bxa4 44. Nd2 Qc6 45. Qe2 a3 46. Nb3 Bb2 47. Rxf7 Qe6 48. Rf3 Qa6 49. Qc2 Qc6 50. Qe2 e4 51. Re3 Re6 52. Rg3 Qd5 53. Qc2 Qe5 54. Re3 a2 55. Rxe4 Qxe4 56. Qxb2 Qb1+ 0-1

[Event "Olympiad Women 2024"]
[Site "Budapest HUN"]
[Date "2024.09.14"]
[Round "4.46"]
[Board "3"]
[White "Pires, Luzia"]
[Black "Abera, Mekdes Demssie"]
[Result "1-0"]
[WhiteElo "1877"]
[BlackElo "1593"]
[PlyCount "71"]
[EventDate "2024.09.11"]
[WhiteTeam "Angola"]
[BlackTeam "Ethiopia"]
[WhiteTeamCountry "ANG"]
[BlackTeamCountry "ETH"]

1. d4 d5 2. Nf3 e6 3. e3 c5 4. b3 Nf6 5. Bb2 Nc6 6. a3 Ne4 $146 ({RR} 6... cxd4 7. exd4 Bd6 8. Bd3 Bd7 9. O-O Nh5 10. Ne5 Bxe5 11. dxe5 Qg5 12. g3 g6 13. f4 Qd8 14. f5 Ng7 15. Nc3 Qb6+ 16. Kg2 O-O-O 17. Nxd5 exd5 18. e6 d4 19. exd7+ Rxd7 20. fxg6 hxg6 21. Re1 {1-0 Breyer,G-Sterk,K Budapesti Sakki-Otthon-02 1913 (1)}) ({RR} 6... Qc7 7. Nbd2 cxd4 8. exd4 g6 9. Bd3 Bg7 10. O-O O-O 11. Re1 b6 12. Qe2 Bb7 13. Ne5 Rac8 14. Rac1 Rfd8 15. h4 Nxe5 16. dxe5 Ne4 17. Nxe4 dxe4 18. Bxe4 Bh6 19. Rcd1 Rxd1 20. Rxd1 Bxe4 21. Qxe4 {½-½ Kryvoruchko,Y (2650)-Volokitin,A (2667) ch-HUN Rapid 2024 (5.1)}) ({RR} 6... Be7 7. Bd3 a6 8. O-O b5 9. c4 bxc4 10. bxc4 cxd4 11. exd4 dxc4 12. Bxc4 Qb6 13. Bc3 Bd7 14. Nbd2 O-O 15. Rb1 Qc7 16. Qe2 Na5 17. Bxa5 Qxa5 18. Ne5 Bd6 19. Bd3 Bxe5 20. dxe5 Nd5 21. Nc4 {0-1 Nord,A (2209)-Hernandez Santos,D (1430) Titled Tue 16th Jan Early 2024 (3)}) ({RR} 6... Be7 7. Bd3 O-O 8. Nbd2 ({RR} 8. O-O) 8... cxd4 ({RR} 8... Nd7 9. Ne5 cxd4 10. exd4 Qb6 11. Ndf3 Ncxe5 12. Nxe5 Nxe5 13. dxe5 Qa5+ 14. Qd2 Qxd2+ 15. Kxd2 f6 16. f4 fxe5 17. Bxe5 Bf6 18. Rhf1 Bd7 19. Rae1 a6 20. g3 Bb5 21. c4 dxc4 22. bxc4 Bc6 23. Bxf6) 9. exd4 Re8 10. O-O Bf8 11. Ne5 Qc7 12. f4 g6 13. Kh1 Ne7 14. Qf3 Bd7 15. g4 a6 16. Nxd7 Qxd7 17. h4 ({RR} 17. f5 exf5 18. gxf5) 17... h5 18. gxh5 Nxh5 19. Rg1 Bg7 20. Raf1 Nf5 21. Rg5 {0-1 Boutteville,C-Vertadier,P FRA-ch 21st Roubaix 1945 (7)} {RR} Qe7) ({RR} 6... Bd6 7. Bd3 O-O 8. O-O b6 9. Nbd2 Bb7 10. Ne5 Rc8 11. f4 Ne7) 7. Bd3 Qa5+ 8. Nfd2 Nxd2 9. Nxd2 cxd4 10. exd4 Be7 11. O-O O-O 12. Qe2 Qb6 13. Nf3 Bf6 14. Rad1 g6 15. Qe3 Re8 16. Qf4 Kg7 17. Rfe1 Bd7 18. Ne5 Rad8 19. Re3 g5 20. Qg4 Rh8 21. Qh5 Be8 22. Ng4 h6 23. Nxf6 Kxf6 24. h4 Ke7 25. hxg5 Kd7 26. gxh6 f5 27. Qg5 Bf7 28. Bxf5 Ne7 29. Bh3 Rdg8 30. Qf6 Rh7 31. Rg3 Qc7 32. Re1 Rxg3 33. fxg3 Qxg3 34. Bxe6+ Bxe6 35. Qxe6+ Kd8 36. Bc1 1-0

[Event "Olympiad Women 2024"]
[Site "Budapest HUN"]
[Date "2024.09.14"]
[Round "4.46"]
[Board "4"]
[White "Teweldemedhn, Mekdes Teklay"]
[Black "Felicidade, Felicia"]
[Result "0-1"]
[WhiteElo "1648"]
[BlackElo "1742"]
[PlyCount "119"]
[EventDate "2024.09.11"]
[WhiteTeam "Ethiopia"]
[BlackTeam "Angola"]
[WhiteTeamCountry "ETH"]
[BlackTeamCountry "ANG"]

1. e4 e6 2. Nf3 d5 3. exd5 exd5 4. h3 Bd6 ({RR} 4... h6 5. Be2 Nf6 6. O-O Be7 7. d4 O-O 8. Nc3 {½-½ Petro,J-Barva,A (2225) Cseppko op 03rd 1994 (5)}) 5. Nc3 ({RR} 5. a3 Ne7 6. d4 Bf5 7. Nc3 Nbc6 8. Bd3 Qd7 9. O-O f6 10. Be3 O-O-O 11. Re1 g5 12. g3 Bxd3 13. Qxd3 Qxh3 14. Qf1 Qf5 15. Qe2 h5 16. Nh2 g4 17. Kf1 Bxg3 18. Kg2 Bd6 19. Bd2 Nxd4 {0-1 Jonet,D (1458)-Morales Santos,N (1949) Online Olym Div4 D rapid 2020 (5.1)}) 5... Nf6 6. d4 $146 ({RR} 6. Bb5+ c6 7. Ba4 O-O 8. O-O Bf5 9. d3 c5 10. Bg5 Be6 11. a3 a6 12. Qd2 Nbd7 13. Bxd7 Qxd7 14. Bxf6 gxf6 15. Rfe1 {½-½ Leininger,H-Geissert,B Pfalz-op Waldfischbach 1995}) ({RR} 6. Bb5+ c6 7. Qe2+ Be6 8. Bd3 O-O 9. O-O Re8 10. Qd1 Nbd7 11. b3 Ne5 12. Nxe5 Bxe5 13. Bb2 Qd7 14. Qf3 b5 15. Rfe1 Bd4 16. Qf4 Bb6 17. Ne2 Ne4 18. Bxe4 dxe4 19. Qxe4 Bxh3 20. Qb4 Bf5 {0-1 Johannsson,B (1073)-Briem,H (1613) Reykjavik Congress 2018 (2)}) 6... h6 7. Bd3 Be6 8. O-O O-O 9. Nb5 Be7 10. Bf4 Na6 11. a3 Re8 12. Ne5 c5 13. Qf3 c4 14. Be2 Ne4 15. Nc3 f5 16. Qe3 g5 17. Bh2 Bf6 18. Nxe4 dxe4 19. c3 Rc8 20. Bh5 Re7 21. f3 Bd5 22. fxe4 Bxe4 23. Bf3 Bd3 24. Be2 f4 25. Qd2 Bxe2 26. Qxe2 Bxe5 27. dxe5 Qc7 28. Qh5 Kg7 29. g3 Rxe5 30. gxf4 gxf4 31. Qf3 Qc5+ 32. Rf2 Rc6 33. Bxf4 Ree6 34. Kh2 Rf6 35. Rg1+ Kh7 36. Qe4+ Qf5 37. Qxf5+ Rxf5 38. Be3 Rxf2+ 39. Bxf2 Nc5 40. Bxc5 Rxc5 41. Rd1 Rc7 42. Rd4 Kg6 43. Kg3 a6 44. Rd5 Rc6 45. Kg4 b6 46. a4 Re6 47. a5 bxa5 48. Rxa5 Rb6 49. h4 Kg7 50. Kf4 Rxb2 51. Rxa6 Rc2 52. Ra7+ Kf8 53. Ra8+ Ke7 54. Ra3 Kf6 55. Ra6+ Kg7 56. Ra3 Kg6 57. Kg4 h5+ 58. Kf4 Rf2+ 59. Kg3 Re2 60. Kf4 0-1